000 01013nai a22001937a 4500
003 OSt
005 20191015152030.0
008 160902b xxu||||| |||| 00| 0 eng d
040 _aBMC
_cBMC
082 _a343.07197284
245 0 0 _aEducación militar y cultura
_b: Comando de doctrina y educación militar
_njunio
_c[Nixón Duglas González Vásquez ...et al] , editor en jefe de redacción
260 _aSan Salvador (El Salvador)
_bComando de Doctrina y Educación Militar
_c2016
300 _a63 p.
_bil.
_c28 cm
490 _aEducación militar y cultura
_v6
505 _aContiene: La importancia de la lectura en la sociedad del conocimiento.- La evaluación: instrumento esencial para la educación andrágógica.- Valores morales del líder.- El baloncesto femenino en la Fuerza Armada.- Sistema de capitalización individual del IPSFA.-
650 2 4 _921651
_aFuerzas armadas
_zEl Salvador
_xHistoria
700 1 _944162
_aGonzález Vásquez, Nixón Duglas
_cCnel. EA DEM
942 _2ddc
_cPR
_hprozim
999 _c30998
_d30998